000 00802cam a2200253 i 4500
999 _c2282
_d2282
003 OSt
005 20210708055331.0
008 761208s1977 moua b 001 0 eng
020 _a0801610214
040 _cDLC
050 0 0 _aRT86
_b.C63 1977
100 1 _aCollins, Mattie,
_d1929-
245 1 0 _aCommunication in health care :
_bunderstanding and implementing effective human relationships /
_cMattie Collins.
260 _aSaint Louis :
_bMosby,
_c1977.
300 _axii, 261 p. :
_bill. ;
_c25 cm.
500 _aIncludes index.
504 _aBibliography: p. 250-251.
650 0 _aNurse and patient.
650 0 _aCommunication in nursing.
650 0 _aInterpersonal communication.
650 0 _aNursing ethics.
906 _a7
_bcbc
_corignew
_d1
_eocip
_f19
_gy-gencatlg
942 _2lcc
_cBK
_nDO